| 000 | 00720nac a22001691u 4500 | ||
|---|---|---|---|
| 008 | 090318s2007 xxu||||| |||| 00| 0 ara d | ||
| 020 | _a9771804979 | ||
| 082 |
_a329.962 _bب ر غ |
||
| 100 | 1 |
_aالبرغوثى ، تميم _920292 |
|
| 245 |
_aالوطنية الأليفة : _bالوفد وبناء الدولة الوطنية فى ظل الاستعمار / _cتميم البرغوثى |
||
| 260 |
_aالقاهرة : _bمطبعة دار الكتب والوثائق القومية ،2007 _c2007. |
||
| 300 |
_a250 ص ؛ _c24 سم. |
||
| 504 | _aيشتمل على ببليوجرافية ص 241-250 | ||
| 511 | _aCatalogued by: Sara | ||
| 651 |
_911371 _aمصر. حزب الأحرار |
||
| 942 |
_cBB _k329.962 ب ر غ _2ddc |
||
| 999 |
_c8208 _d8208 |
||